00652nam a2200217Ia 450000500170000000800410001704000190005804100120007708200130008910000160010224500440011826000310016230000120019344000290020550400500023465000140028485000100029894200070030899900170031595201020033220240120104630.0131103s9999 xx 000 0 und d aLoreto College aEnglish a370bVAI aVaizey,John aEducation for Tomorrow, cJohn Vaizey aDelhibPenguin Booksc1967 a121 p.  aWorld University Library aIncludes bibliographical references and index aEducation aLCLIB cBK c10284d60763 00102ddc4070aMAINbMAINd2013-11-04l0o370 VAI 13393pB10163r2013-11-04w2013-11-04yBKf